Normal view
MARC view
Entry Topical Term
001 - CONTROL NUMBER
- control field: 5038
003 - CONTROL NUMBER IDENTIFIER
- control field: OSt
005 - DATE AND TIME OF LATEST TRANSACTION
- control field: 20150812153048.0
008 - FIXED-LENGTH DATA ELEMENTS
- fixed length control field: 150812|| aca||aabn | a|a d
040 ## - CATALOGING SOURCE
- Original cataloging agency: OSt
- Transcribing agency: OSt
150 ## - HEADING--TOPICAL TERM
- Topical term or geographic name entry element: Education
670 ## - SOURCE DATA FOUND
- Source citation: Work cat.: (OSt)5074: Lyer, P V 5037, Run and Discover Your Strength, 1989









